000 00384nam a2200145Ia 4500
008 210716s2003 xx 000 0 und d
020 _a8178811960
041 _aeng
082 _a332.17 ICFA
245 _aSecurities markets and instruments.
250 _a1
260 _aHyderabad
_bICFAI University Press
_c2003
300 _avii,202
650 _aFinancial Institutions & Markets
999 _c199676
_d199676